[Event "Asuncion ABC Color 2nd"]
[Site "Asuncion"]
[Date "2014.01.31"]
[Round "8"]
[White "Cortes Orihuela, Javier"]
[Black "Delgado Ramirez, Neuris"]
[Result "1-0"]
[WhiteElo "2145"]
[BlackElo "2589"]
[PlyCount "67"]
[EventDate "2014.01.25"]
[EventType "tourn"]
[EventRounds "9"]
[EventCountry "PAR"]
[SourceTitle "CBM 158 Extra"]
[Source "ChessBase"]
[SourceDate "2014.02.28"]
[SourceVersion "1"]
[SourceVersionDate "2014.02.28"]
[SourceQuality "1"]

1. d4 Nf6 2. c4 e6 3. g3 d5 4. Nf3 dxc4 5. Bg2 a6 6. O-O Nc6 7. Nc3 Bb4 8. Qc2
O-O 9. Rd1 Be7 10. e4 b5 11. Qe2 Bd7 12. Bf4 b4 13. d5 exd5 14. Nxd5 Nxd5 15.
exd5 Na5 16. Bxc7 Qxc7 17. Qxe7 Qb7 18. Ne5 Ba4 19. d6 Qb8 20. Bxa8 Bxd1 21.
Rxd1 Qxa8 22. d7 Nb7 23. Qxb4 Nd8 24. Qxc4 Qb7 25. b4 Qb6 26. a4 h5 27. h4 Qf6
28. Qd5 Qf5 29. b5 Qc2 30. Nc6 Qe2 31. Nxd8 Rxd8 32. b6 Qe7 33. b7 Qb4 34. Rc1
1-0

[Event "Asuncion ABC Color 2nd"]
[Site "Asuncion"]
[Date "2014.02.01"]
[Round "9"]
[White "Delgado Ramirez, Neuris"]
[Black "Brito, Luismar Jorge"]
[Result "1-0"]
[WhiteElo "2589"]
[BlackElo "2271"]
[PlyCount "105"]
[EventDate "2014.01.25"]
[EventType "tourn"]
[EventRounds "9"]
[EventCountry "PAR"]
[SourceTitle "CBM 158 Extra"]
[Source "ChessBase"]
[SourceDate "2014.02.28"]
[SourceVersion "1"]
[SourceVersionDate "2014.02.28"]
[SourceQuality "1"]

1. e4 c5 2. Nf3 d6 3. Bb5+ Bd7 4. a4 e6 5. O-O Nc6 6. Re1 Be7 7. d4 cxd4 8.
Nxd4 Qc7 9. Bxc6 bxc6 10. c4 Bf6 11. Nc3 Ne7 12. c5 dxc5 13. Nb3 O-O 14. Nxc5
Rfd8 15. Qc2 Bc8 16. Be3 Rb8 17. f4 Bd4 18. Bxd4 Rxd4 19. Ne2 Rd8 20. Rad1 Ng6
21. Rxd8+ Qxd8 22. Rd1 Qc7 23. b3 h6 24. g3 Nf8 25. Nc1 Qb6 26. Kg2 Ba6 27. Qc3
Re8 28. b4 Bc8 29. Rd6 Qc7 30. Qd2 Ng6 31. N1b3 Ne7 32. Na5 Kf8 33. h4 Kg8 34.
h5 Kf8 35. e5 Kg8 36. Kh2 Qb6 37. Ne4 Qc7 38. Nb3 Nd5 39. Nd4 Bb7 40. a5 Ba8
41. Nc5 Qb8 42. g4 Rd8 43. Kg3 Re8 44. Qb2 Nxb4 45. Qb1 Na6 46. Qxb8 Nxb8 47.
f5 exf5 48. Nxf5 Rxe5 49. Rd8+ Kh7 50. Rxb8 Rxc5 51. Rxa8 Rxa5 52. Rf8 Ra4 53.
Rxf7 1-0

[Event "Sao Bento do Sul op 2nd"]
[Site "Sao Bento do Sul"]
[Date "2014.02.21"]
[Round "1"]
[White "Perondi, Marcelo"]
[Black "Delgado Ramirez, Neuris"]
[Result "0-1"]
[WhiteElo "1520"]
[BlackElo "2589"]
[PlyCount "54"]
[EventDate "2014.02.21"]
[EventType "swiss"]
[EventRounds "6"]
[EventCountry "BRA"]
[SourceTitle "CBM 159 Extra"]
[Source "ChessBase"]
[SourceDate "2014.04.24"]
[SourceVersion "1"]
[SourceVersionDate "2014.04.24"]
[SourceQuality "1"]

1. Nf3 Nf6 2. g3 d5 3. c4 e6 4. b3 a5 5. Bg2 a4 6. bxa4 dxc4 7. Na3 Bxa3 8.
Bxa3 Qd7 9. O-O Qxa4 10. Qxa4+ Rxa4 11. Bb2 Nbd7 12. Rfc1 O-O 13. Ne5 Nxe5 14.
Bxe5 c6 15. Rc2 Bd7 16. d3 cxd3 17. exd3 Rfa8 18. Bd6 Ne8 19. Bc5 Nc7 20. Rb2
Nb5 21. Bb4 e5 22. Kf1 Bf5 23. Be4 Bxe4 24. dxe4 Rd8 25. Ke2 Nd4+ 26. Ke3 Rxb4
27. Rd2 Rc4 0-1

[Event "Sao Bento do Sul op 2nd"]
[Site "Sao Bento do Sul"]
[Date "2014.02.21"]
[Round "2"]
[White "Delgado Ramirez, Neuris"]
[Black "Pederiva, Paola Carolina"]
[Result "1-0"]
[WhiteElo "2589"]
[BlackElo "1866"]
[PlyCount "55"]
[EventDate "2014.02.21"]
[EventType "swiss"]
[EventRounds "6"]
[EventCountry "BRA"]
[SourceTitle "CBM 159 Extra"]
[Source "ChessBase"]
[SourceDate "2014.04.24"]
[SourceVersion "1"]
[SourceVersionDate "2014.04.24"]
[SourceQuality "1"]

1. e4 c5 2. Nf3 a6 3. Nc3 Nc6 4. d4 cxd4 5. Nxd4 e5 6. Nf5 d5 7. Nxd5 Bxf5 8.
exf5 Nd4 9. Ne3 Ne7 10. Bd3 Qd7 11. O-O Rd8 12. Qg4 Nec6 13. Be4 g6 14. c3 Nb5
15. Nd5 Bg7 16. Bg5 O-O 17. Rad1 Qc8 18. Nf6+ Bxf6 19. Bxf6 Nd6 20. fxg6 fxg6
21. Bd5+ Nf7 22. Be6 Qc7 23. h4 Rd6 24. Rxd6 Qxd6 25. Rd1 Qb8 26. h5 Ncd8 27.
Rxd8 Rxd8 28. hxg6 1-0

[Event "Sao Bento do Sul op 2nd"]
[Site "Sao Bento do Sul"]
[Date "2014.02.22"]
[Round "3"]
[White "Iurk, Jonel Nazareno"]
[Black "Delgado Ramirez, Neuris"]
[Result "1/2-1/2"]
[WhiteElo "2135"]
[BlackElo "2589"]
[PlyCount "178"]
[EventDate "2014.02.21"]
[EventType "swiss"]
[EventRounds "6"]
[EventCountry "BRA"]
[SourceTitle "CBM 159 Extra"]
[Source "ChessBase"]
[SourceDate "2014.04.24"]
[SourceVersion "1"]
[SourceVersionDate "2014.04.24"]
[SourceQuality "1"]

1. d4 Nf6 2. Nf3 e6 3. Bg5 c5 4. e3 b6 5. Nbd2 cxd4 6. exd4 Bb7 7. Bd3 Be7 8.
O-O O-O 9. c3 d6 10. Qe2 a6 11. Rfe1 Nbd7 12. a4 Re8 13. Nc4 Qc7 14. Bh4 Bf8
15. Bg3 g6 16. h3 Nd5 17. Ne3 N7f6 18. Nxd5 Nxd5 19. Nd2 Nf6 20. Ne4 Nxe4 21.
Bxe4 Qd7 22. f3 b5 23. axb5 axb5 24. Bd3 Bc6 25. Qf1 Qb7 26. Kh2 b4 27. Rxa8
Rxa8 28. Ra1 d5 29. Rxa8 Qxa8 30. Qc1 b3 31. Bf4 f6 32. Qe1 Qe8 33. c4 Bg7 34.
Qb4 Ba4 35. cxd5 exd5 36. Qa5 Qd7 37. Qa8+ Kf7 38. Qa5 Bf8 39. g3 Bc6 40. Qb6
Ba4 41. Kg2 Qc6 42. Qxc6 Bxc6 43. Kf2 h5 44. g4 h4 45. Ke2 g5 46. Bd2 Bd7 47.
f4 gxf4 48. Bxf4 f5 49. Kf3 fxg4+ 50. hxg4 h3 51. Kg3 Bg7 52. Be3 Bxg4 53. Bf1
Bf5 54. Bxh3 Bxh3 55. Kxh3 Ke6 56. Kg4 Bf6 57. Kf3 Kf5 58. Bf2 Be7 59. Be3 Bb4
60. Bc1 Bd6 61. Be3 Be7 62. Bd2 Ba3 63. Bc3 Bf8 64. Bd2 Bg7 65. Ke3 Kg4 66. Kd3
Kf3 67. Bb4 Bh6 68. Bc5 Be3 69. Kc3 Ke4 70. Kxb3 Bxd4 71. Bb4 Kd3 72. Bf8 Bf6
73. Bc5 Bd4 74. Bb4 Ke2 75. Bc3 Bxc3 76. Kxc3 Ke3 77. Kc2 Ke2 78. Kc3 Ke3 79.
Kc2 d4 80. Kd1 Kd3 81. b4 Kc4 82. Kc2 Kxb4 83. Kd3 Kc5 84. Kd2 Kc4 85. Kc2 d3+
86. Kd2 Kd4 87. Kd1 Ke3 88. Ke1 d2+ 89. Kd1 Kd3 1/2-1/2

[Event "Sao Bento do Sul op 2nd"]
[Site "Sao Bento do Sul"]
[Date "2014.02.22"]
[Round "4"]
[White "Delgado Ramirez, Neuris"]
[Black "Ribeiro, Regina"]
[Result "1-0"]
[WhiteElo "2589"]
[BlackElo "2024"]
[PlyCount "59"]
[EventDate "2014.02.21"]
[EventType "swiss"]
[EventRounds "6"]
[EventCountry "BRA"]
[SourceTitle "CBM 159 Extra"]
[Source "ChessBase"]
[SourceDate "2014.04.24"]
[SourceVersion "1"]
[SourceVersionDate "2014.04.24"]
[SourceQuality "1"]

1. e4 e6 2. d4 d5 3. Nd2 Nc6 4. Ngf3 Nf6 5. e5 Ne4 6. c3 f6 7. exf6 Qxf6 8.
Nxe4 dxe4 9. Ng5 Qg6 10. Be2 h5 11. Qc2 Be7 12. Qxe4 Qxe4 13. Nxe4 Bd7 14. Bg5
Nd8 15. Bf4 Bc6 16. Bd3 Rc8 17. h4 O-O 18. Be3 b5 19. f3 Be8 20. O-O-O Nf7 21.
Bc2 Nd6 22. Bb3 Bf7 23. Nc5 Nc4 24. Bxc4 bxc4 25. Nd7 Rfd8 26. Ne5 c5 27. dxc5
Rxd1+ 28. Rxd1 Bxc5 29. Bxc5 Rxc5 30. Rd8+ 1-0

[Event "Sao Bento do Sul op 2nd"]
[Site "Sao Bento do Sul"]
[Date "2014.02.23"]
[Round "5"]
[White "Molina, Roberto Junio Brito"]
[Black "Delgado Ramirez, Neuris"]
[Result "1/2-1/2"]
[WhiteElo "2424"]
[BlackElo "2589"]
[PlyCount "64"]
[EventDate "2014.02.21"]
[EventType "swiss"]
[EventRounds "6"]
[EventCountry "BRA"]
[SourceTitle "CBM 159 Extra"]
[Source "ChessBase"]
[SourceDate "2014.04.24"]
[SourceVersion "1"]
[SourceVersionDate "2014.04.24"]
[SourceQuality "1"]

1. d4 Nf6 2. c4 e6 3. Nf3 b6 4. g3 Ba6 5. Qa4 c6 6. Nc3 Be7 7. Bg2 O-O 8. O-O
d5 9. Ne5 Qe8 10. cxd5 cxd5 11. Qxe8 Rxe8 12. Bf4 Nbd7 13. Nxd7 Nxd7 14. Rfd1
g5 15. Be3 Rac8 16. Rac1 b5 17. Nb1 b4 18. Bf1 Bf6 19. Nd2 h6 20. Nf3 Bb5 21.
g4 Bg7 22. h3 f5 23. Rxc8 Rxc8 24. Rc1 Rc4 25. b3 Rxc1 26. Bxc1 fxg4 27. hxg4
e5 28. dxe5 Nxe5 29. Nd4 Bd7 30. Bg2 Bxg4 31. Bxd5+ Kh8 32. Be3 a5 1/2-1/2

[Event "Sao Bento do Sul op 2nd"]
[Site "Sao Bento do Sul"]
[Date "2014.02.23"]
[Round "6"]
[White "Delgado Ramirez, Neuris"]
[Black "Hille, Waltercler"]
[Result "1-0"]
[WhiteElo "2589"]
[BlackElo "1884"]
[PlyCount "83"]
[EventDate "2014.02.21"]
[EventType "swiss"]
[EventRounds "6"]
[EventCountry "BRA"]
[SourceTitle "CBM 159 Extra"]
[Source "ChessBase"]
[SourceDate "2014.04.24"]
[SourceVersion "1"]
[SourceVersionDate "2014.04.24"]
[SourceQuality "1"]

1. e4 c5 2. Nf3 e6 3. Nc3 a6 4. g3 b5 5. Bg2 Bb7 6. d3 d6 7. O-O Nd7 8. Ng5
Ngf6 9. f4 h6 10. Nh3 Be7 11. Nf2 Qc7 12. a4 b4 13. Ne2 a5 14. c3 e5 15. Be3
Nb6 16. g4 h5 17. g5 Ng4 18. Nxg4 hxg4 19. f5 f6 20. g6 d5 21. cxb4 Nd7 22. Ng3
d4 23. Bf2 axb4 24. Rc1 Nb8 25. Qxg4 Rxa4 26. Qd1 Qd7 27. Bf3 Bc6 28. Qb3 Bf8
29. Ra1 Na6 30. Rfc1 c4 31. Qxc4 Nc5 32. Rxa4 Bxa4 33. Bd1 Bb5 34. Qxb4 Nb7 35.
Qd2 Bd6 36. Ra1 Ke7 37. Nh5 Kf8 38. Ra8+ Nd8 39. Qa5 Be7 40. Qa2 Qe8 41. Be1
Bc6 42. Rb8 1-0

[Event "Caxias do Sul Uva op rap 13th"]
[Site "Caxias do Sul"]
[Date "2014.03.09"]
[Round "8"]
[White "Delgado Ramirez, Neuris"]
[Black "Carlsen, Magnus"]
[Result "0-1"]
[WhiteElo "2586"]
[BlackElo "2881"]
[PlyCount "70"]
[EventDate "2014.03.08"]
[EventType "swiss (rapid)"]
[EventRounds "9"]
[EventCountry "BRA"]
[SourceTitle "CBM 159 Extra"]
[Source "ChessBase"]
[SourceDate "2014.04.24"]
[SourceVersion "1"]
[SourceVersionDate "2014.04.24"]
[SourceQuality "1"]

1. e4 e5 2. Nf3 Nc6 3. Bb5 Nf6 4. Qe2 a6 5. Bxc6 dxc6 6. d3 Bd6 7. Nbd2 Be6 8.
d4 Nd7 9. Nc4 Bxc4 10. Qxc4 Qe7 11. O-O O-O-O 12. Be3 exd4 13. Qxd4 c5 14. Qd3
Rhe8 15. Nd2 Nf6 16. Qb3 Ng4 17. h3 Nxe3 18. Qxe3 Qe5 19. f4 Qxb2 20. e5 Be7
21. Nb3 c4 22. Qa7 cxb3 23. Qa8+ Kd7 24. Qxb7 Qd4+ 25. Kh1 bxc2 26. Qxa6 Rb8
27. Qe2 Rb2 28. Rac1 Reb8 29. f5 Qd5 30. Qg4 Kc6 31. Qa4+ Kb7 32. Rxc2 Rxc2 33.
Qxc2 Qxe5 34. Qb3+ Kc8 35. Qxf7 Rb2 0-1

[Event "Santa Catarina State-ch sf2 60th"]
[Site "Sao Bento do Sul"]
[Date "2014.04.04"]
[Round "2"]
[White "Campestrini, Carine Katia"]
[Black "Delgado Ramirez, Neuris"]
[Result "0-1"]
[WhiteElo "1667"]
[BlackElo "2585"]
[PlyCount "64"]
[EventDate "2014.04.04"]
[EventType "swiss"]
[EventRounds "6"]
[EventCountry "BRA"]
[SourceTitle "CBM 160 Extra"]
[Source "ChessBase"]
[SourceDate "2014.07.01"]
[SourceVersion "1"]
[SourceVersionDate "2014.07.01"]
[SourceQuality "1"]

1. e4 c5 2. Nf3 d6 3. d4 cxd4 4. Nxd4 Nf6 5. Nc3 a6 6. Be3 e5 7. Nb3 Be7 8. Be2
O-O 9. O-O b6 10. f3 Bb7 11. Qd2 Nbd7 12. Rfd1 b5 13. Bf1 Rc8 14. Rac1 Nb6 15.
Bxb6 Qxb6+ 16. Kh1 h6 17. Re1 Rfd8 18. Qe3 Qc7 19. Nb1 d5 20. exd5 Nxd5 21.
Qxe5 Bd6 22. Qf5 Bxh2 23. c4 Nf6 24. Qh3 Bf4 25. Rc3 b4 26. Rd3 Re8 27. Rdd1
Rcd8 28. Qf5 Rxd1 29. Rxd1 Re5 30. Qd3 Rh5+ 31. Kg1 Qe5 32. Kf2 Bg3+ 0-1

[Event "Santa Catarina State-ch sf2 60th"]
[Site "Sao Bento do Sul"]
[Date "2014.04.05"]
[Round "3"]
[White "Delgado Ramirez, Neuris"]
[Black "Dobuchak, Thiago Carstens"]
[Result "1-0"]
[WhiteElo "2585"]
[BlackElo "1811"]
[PlyCount "49"]
[EventDate "2014.04.04"]
[EventType "swiss"]
[EventRounds "6"]
[EventCountry "BRA"]
[SourceTitle "CBM 160 Extra"]
[Source "ChessBase"]
[SourceDate "2014.07.01"]
[SourceVersion "1"]
[SourceVersionDate "2014.07.01"]
[SourceQuality "1"]

1. d4 Nf6 2. Nc3 d6 3. e4 c5 4. dxc5 dxc5 5. Qxd8+ Kxd8 6. Bf4 Nc6 7. O-O-O+
Nd7 8. Nf3 h6 9. Bb5 g5 10. Bxc6 bxc6 11. Bg3 Bg7 12. Na4 Ke8 13. Bc7 Ba6 14.
Rd2 Bb5 15. Rhd1 Bxa4 16. Rxd7 f6 17. Bd8 Bf8 18. e5 Kf7 19. exf6 Kxf6 20.
R1d6+ Kf5 21. Bxe7 Bxe7 22. Rxe7 Rae8 23. Rf7+ Ke4 24. Nd2+ Ke5 25. Nc4+ 1-0

[Event "Santa Catarina State-ch sf2 60th"]
[Site "Sao Bento do Sul"]
[Date "2014.04.05"]
[Round "4"]
[White "Sprotte, Daniel Gustavo"]
[Black "Delgado Ramirez, Neuris"]
[Result "0-1"]
[WhiteElo "1890"]
[BlackElo "2585"]
[PlyCount "88"]
[EventDate "2014.04.04"]
[EventType "swiss"]
[EventRounds "6"]
[EventCountry "BRA"]
[SourceTitle "CBM 160 Extra"]
[Source "ChessBase"]
[SourceDate "2014.07.01"]
[SourceVersion "1"]
[SourceVersionDate "2014.07.01"]
[SourceQuality "1"]

1. e4 c5 2. Nf3 d6 3. d4 cxd4 4. Nxd4 Nf6 5. Nc3 a6 6. Bg5 e6 7. f4 h6 8. Bh4
Nbd7 9. Qf3 e5 10. Bxf6 Nxf6 11. Nf5 exf4 12. Qxf4 g6 13. Ne3 h5 14. Ned5 Nxd5
15. Nxd5 Bg7 16. Bc4 Be6 17. c3 Be5 18. Qf2 Rc8 19. Bb3 O-O 20. O-O Kg7 21. Nb6
Rc7 22. Rad1 Bg4 23. Rd5 Qe7 24. h3 Be6 25. Rd2 Rc5 26. Bxe6 Qxe6 27. Nd5 Rc4
28. Re1 b5 29. Nf4 Bxf4 30. Qxf4 d5 31. Rde2 Re8 32. Qd2 Rxe4 33. Rxe4 dxe4 34.
Qd4+ Kh7 35. a3 a5 36. a4 bxa4 37. Qxa4 e3 38. Qd4 g5 39. b4 f5 40. Kf1 f4 41.
Ra1 f3 42. Qd3+ Kh6 43. gxf3 Qxh3+ 44. Ke1 Qg3+ 0-1

[Event "Santa Catarina State-ch sf2 60th"]
[Site "Sao Bento do Sul"]
[Date "2014.04.06"]
[Round "5"]
[White "Delgado Ramirez, Neuris"]
[Black "Starke, Bruno Orlando"]
[Result "1-0"]
[WhiteElo "2585"]
[BlackElo "2089"]
[PlyCount "127"]
[EventDate "2014.04.04"]
[EventType "swiss"]
[EventRounds "6"]
[EventCountry "BRA"]
[SourceTitle "CBM 160 Extra"]
[Source "ChessBase"]
[SourceDate "2014.07.01"]
[SourceVersion "1"]
[SourceVersionDate "2014.07.01"]
[SourceQuality "1"]

1. e4 c5 2. Nf3 Nc6 3. Bb5 g6 4. Bxc6 dxc6 5. d3 Bg7 6. h3 Nf6 7. Nc3 O-O 8.
Be3 b6 9. Qd2 Re8 10. Bh6 Bh8 11. Nh2 a5 12. O-O Ra7 13. Rae1 Ba6 14. b3 Nh5
15. Ne2 e5 16. Ng4 Bc8 17. Be3 Bxg4 18. hxg4 Ng7 19. g3 Qd7 20. f3 Ne6 21. Kg2
f6 22. Nc3 Rd8 23. Na4 Rb7 24. Rh1 Bg7 25. g5 f5 26. Rh4 Bf8 27. exf5 gxf5 28.
Reh1 Qe8 29. Qc3 Nd4 30. Qc4+ Rd5 31. Nc3 Qe6 32. Nxd5 cxd5 33. Qa6 Rf7 34. Rh6
Bxh6 35. Rxh6 Qe8 36. Qxb6 f4 37. g6 Rg7 38. Bxd4 exd4 39. gxh7+ Kh8 40. Qe6
Rxg3+ 41. Kf2 Qxe6 42. Rxe6 Rh3 43. Ke2 Rh2+ 44. Kd1 Rh1+ 45. Kd2 Rh2+ 46. Re2
Rh3 47. Re8+ Kxh7 48. Rc8 Rh2+ 49. Kc1 Rf2 50. Rxc5 Rxf3 51. Rxd5 Rf1+ 52. Kd2
Rf2+ 53. Kd1 f3 54. Rxd4 Kg6 55. Ra4 Rf1+ 56. Kd2 Rf2+ 57. Ke3 Rxc2 58. Kxf3
Rc5 59. Ke4 Kf6 60. Rc4 Rh5 61. Kd4 Ke6 62. Rc5 Rh4+ 63. Kc3 a4 64. Rc4 1-0

[Event "Santa Catarina State-ch sf2 60th"]
[Site "Sao Bento do Sul"]
[Date "2014.04.06"]
[Round "6"]
[White "Yanaguihara, Vitor Kioshi"]
[Black "Delgado Ramirez, Neuris"]
[Result "0-1"]
[WhiteElo "1758"]
[BlackElo "2585"]
[PlyCount "66"]
[EventDate "2014.04.04"]
[EventType "swiss"]
[EventRounds "6"]
[EventCountry "BRA"]
[SourceTitle "CBM 160 Extra"]
[Source "ChessBase"]
[SourceDate "2014.07.01"]
[SourceVersion "1"]
[SourceVersionDate "2014.07.01"]
[SourceQuality "1"]

1. c4 e6 2. Nf3 Nf6 3. g3 a6 4. Bg2 b5 5. Nd4 c6 6. cxb5 axb5 7. Nxb5 cxb5 8.
Bxa8 d5 9. Qc2 Bd7 10. a4 Qa5 11. Bb7 b4 12. Bc8 Bc6 13. O-O Bd6 14. d3 O-O 15.
Bxe6 fxe6 16. Bg5 Ng4 17. d4 Qa7 18. e3 Qf7 19. h3 Nf6 20. Bxf6 Qxf6 21. Qe2 e5
22. Rd1 Bd7 23. Kg2 exd4 24. Rxd4 Nc6 25. Rd1 Qe6 26. Rh1 Ne5 27. Nd2 Bc6 28.
a5 d4+ 29. e4 Bc5 30. f4 d3 31. Qh5 Be3 32. Nf3 Nxf3 33. Kxf3 Qxe4+ 0-1

[Event "Joinville op 2nd"]
[Site "Joinville"]
[Date "2014.05.01"]
[Round "1"]
[White "Da Cruz, Karoliny Taiane"]
[Black "Delgado Ramirez, Neuris"]
[Result "0-1"]
[WhiteElo "1759"]
[BlackElo "2589"]
[PlyCount "40"]
[EventDate "2014.05.01"]
[EventType "swiss"]
[EventRounds "7"]
[EventCountry "BRA"]
[SourceTitle "EXT 2015"]
[Source "ChessBase"]
[SourceDate "2014.11.20"]
[SourceVersion "1"]
[SourceVersionDate "2014.11.20"]
[SourceQuality "1"]

1. d4 Nf6 2. c4 e5 3. dxe5 Ng4 4. Nf3 Bc5 5. e3 Nc6 6. Nc3 O-O 7. Be2 Re8 8.
O-O a5 9. Qc2 Ncxe5 10. Nd5 Ra6 11. b3 Nxf3+ 12. Bxf3 Nxh2 13. Qe2 Nxf1 14.
Qxf1 Rae6 15. Bb2 c6 16. Nf4 Rxe3 17. fxe3 Bxe3+ 18. Kh1 Bxf4 19. Qf2 Qg5 20.
Re1 Qh6+ 0-1

[Event "Joinville op 2nd"]
[Site "Joinville"]
[Date "2014.05.02"]
[Round "2"]
[White "Delgado Ramirez, Neuris"]
[Black "Tournier, Laurie Cristiane"]
[Result "1-0"]
[WhiteElo "2589"]
[BlackElo "1956"]
[PlyCount "51"]
[EventDate "2014.05.01"]
[EventType "swiss"]
[EventRounds "7"]
[EventCountry "BRA"]
[SourceTitle "EXT 2015"]
[Source "ChessBase"]
[SourceDate "2014.11.20"]
[SourceVersion "1"]
[SourceVersionDate "2014.11.20"]
[SourceQuality "1"]

1. e4 e6 2. d4 d5 3. Nd2 c5 4. exd5 Qxd5 5. dxc5 Bxc5 6. Ngf3 Nf6 7. Bc4 Qd6 8.
Qe2 O-O 9. Nb3 Bb6 10. Bg5 Nd5 11. O-O-O Bd8 12. Kb1 Nd7 13. Bd3 Qc7 14. h4
N7f6 15. g4 Nf4 16. Bxf4 Qxf4 17. g5 Nd5 18. Be4 Bb6 19. h5 Ne7 20. Nbd4 a6 21.
Qd3 g6 22. Rh4 Qc7 23. Rdh1 Nf5 24. Bxf5 exf5 25. hxg6 fxg6 26. Qb3+ 1-0

[Event "Joinville op 2nd"]
[Site "Joinville"]
[Date "2014.05.02"]
[Round "3"]
[White "Campelo, Higor Carlos Mendon"]
[Black "Delgado Ramirez, Neuris"]
[Result "0-1"]
[WhiteElo "2084"]
[BlackElo "2589"]
[PlyCount "62"]
[EventDate "2014.05.01"]
[EventType "swiss"]
[EventRounds "7"]
[EventCountry "BRA"]
[SourceTitle "EXT 2015"]
[Source "ChessBase"]
[SourceDate "2014.11.20"]
[SourceVersion "1"]
[SourceVersionDate "2014.11.20"]
[SourceQuality "1"]

1. e4 c5 2. Nf3 d6 3. d4 cxd4 4. Nxd4 Nf6 5. Nc3 Nc6 6. Be2 e5 7. Nb3 Be7 8.
O-O O-O 9. Kh1 a5 10. a4 Nb4 11. f4 Be6 12. f5 Bd7 13. Be3 Rc8 14. Bf3 d5 15.
exd5 Bxf5 16. Rc1 e4 17. Be2 Bg6 18. Bg5 h6 19. Bh4 Nbxd5 20. Nxd5 Nxd5 21.
Bxe7 Nxe7 22. Qxd8 Rfxd8 23. Nxa5 Rd2 24. Bc4 e3 25. Bb3 e2 26. Rfe1 Bxc2 27.
Nc4 Rd1 28. Nd6 Bxb3 29. Nxc8 Rxc1 30. Nxe7+ Kf8 31. Rxc1 Bd1 0-1

[Event "Joinville op 2nd"]
[Site "Joinville"]
[Date "2014.05.03"]
[Round "4"]
[White "Delgado Ramirez, Neuris"]
[Black "Matsuura, Frederico"]
[Result "1-0"]
[WhiteElo "2589"]
[BlackElo "2280"]
[PlyCount "107"]
[EventDate "2014.05.01"]
[EventType "swiss"]
[EventRounds "7"]
[EventCountry "BRA"]
[SourceTitle "EXT 2015"]
[Source "ChessBase"]
[SourceDate "2014.11.20"]
[SourceVersion "1"]
[SourceVersionDate "2014.11.20"]
[SourceQuality "1"]

1. e4 e6 2. d4 d5 3. Nd2 c5 4. exd5 exd5 5. Bb5+ Bd7 6. Bxd7+ Nxd7 7. Ngf3 Ngf6
8. O-O Be7 9. dxc5 Nxc5 10. Re1 O-O 11. Nf1 Re8 12. Be3 Qc7 13. Bd4 Nce4 14.
Ne3 Bc5 15. Bxc5 Qxc5 16. Qd4 Qa5 17. Rad1 Rad8 18. a3 a6 19. Qb4 Qc7 20. Rd4
Rd6 21. Nxd5 Rxd5 22. Rxd5 Nxd5 23. Rxe4 Rc8 24. Qd2 Nf6 25. Rd4 h6 26. c3 Re8
27. h3 Qb6 28. Rd6 Qb5 29. Rd8 Rxd8 30. Qxd8+ Kh7 31. Qd2 Ne4 32. Qc2 f5 33.
Nd4 Qd5 34. Qe2 Nc5 35. Qe7 Ne4 36. f3 Ng3 37. Qc7 Nh5 38. Qc8 Ng3 39. Qb8 Nh5
40. Qc8 Ng3 41. Kf2 Qe5 42. Qe6 Qf4 43. Qe1 Ne4+ 44. Kg1 Nc5 45. b4 Nd3 46. Qe2
Qc1+ 47. Kh2 Qxc3 48. Nxf5 Qxa3 49. Qe4 Qc3 50. f4 Qd2 51. Ne7+ Kh8 52. Ng6+
Kg8 53. Qe8+ Kh7 54. f5 1-0

[Event "Joinville op 2nd"]
[Site "Joinville"]
[Date "2014.05.03"]
[Round "5"]
[White "Cruz, William Ferreira Da"]
[Black "Delgado Ramirez, Neuris"]
[Result "0-1"]
[WhiteElo "2223"]
[BlackElo "2589"]
[PlyCount "68"]
[EventDate "2014.05.01"]
[EventType "swiss"]
[EventRounds "7"]
[EventCountry "BRA"]
[SourceTitle "EXT 2015"]
[Source "ChessBase"]
[SourceDate "2014.11.20"]
[SourceVersion "1"]
[SourceVersionDate "2014.11.20"]
[SourceQuality "1"]

1. d4 Nf6 2. c4 e6 3. Nc3 Bb4 4. Nf3 c5 5. g3 Ne4 6. Qd3 cxd4 7. Nxd4 Nxc3 8.
bxc3 Be7 9. Bg2 a6 10. O-O d6 11. Rb1 Qc7 12. f4 Nd7 13. Be3 O-O 14. g4 Rb8 15.
g5 g6 16. h4 Nc5 17. Qd2 e5 18. fxe5 dxe5 19. Rf6 Bxf6 20. gxf6 Rd8 21. Rf1 Bg4
22. Bd5 Rxd5 23. cxd5 Ne4 24. Qd3 Ng3 25. Rf2 exd4 26. Bf4 Nxe2+ 27. Qxe2 Qxf4
28. Rxf4 Bxe2 29. Rxd4 b5 30. Kf2 Bc4 31. a4 Rd8 32. d6 Kf8 33. Kg3 Ke8 34. Kf4
Rd7 0-1

[Event "Joinville op 2nd"]
[Site "Joinville"]
[Date "2014.05.04"]
[Round "6"]
[White "Goncalves, Ruan Lucas Alves"]
[Black "Delgado Ramirez, Neuris"]
[Result "0-1"]
[WhiteElo "1920"]
[BlackElo "2589"]
[PlyCount "52"]
[EventDate "2014.05.01"]
[EventType "swiss"]
[EventRounds "7"]
[EventCountry "BRA"]
[SourceTitle "EXT 2015"]
[Source "ChessBase"]
[SourceDate "2014.11.20"]
[SourceVersion "1"]
[SourceVersionDate "2014.11.20"]
[SourceQuality "1"]

1. e4 c5 2. Nf3 Nc6 3. d3 g6 4. g3 Bg7 5. Bg2 d6 6. O-O Nf6 7. Nbd2 O-O 8. Nh4
e5 9. f4 exf4 10. gxf4 Nxe4 11. Nxe4 Qxh4 12. Nxd6 Bh3 13. Ne4 Bxg2 14. Kxg2 b6
15. f5 Be5 16. h3 f6 17. Qg4 Qxg4+ 18. hxg4 Kg7 19. Rh1 Rf7 20. c3 Rd8 21. Nf2
gxf5 22. gxf5 Kh8 23. Kf3 Rg7 24. Bf4 Bxf4 25. Kxf4 Ne5 26. Rh6 Rg2 0-1

[Event "Joinville op 2nd"]
[Site "Joinville"]
[Date "2014.05.04"]
[Round "7"]
[White "Delgado Ramirez, Neuris"]
[Black "Disconzi da Silva, Rodrigo"]
[Result "1/2-1/2"]
[WhiteElo "2589"]
[BlackElo "2364"]
[PlyCount "33"]
[EventDate "2014.05.01"]
[EventType "swiss"]
[EventRounds "7"]
[EventCountry "BRA"]
[SourceTitle "EXT 2015"]
[Source "ChessBase"]
[SourceDate "2014.11.20"]
[SourceVersion "1"]
[SourceVersionDate "2014.11.20"]
[SourceQuality "1"]

1. e4 c5 2. Nf3 e6 3. Nc3 a6 4. d4 cxd4 5. Nxd4 Qc7 6. Qf3 Nf6 7. Bd3 Nc6 8.
Nxc6 dxc6 9. Qg3 Qxg3 10. hxg3 e5 11. a4 Be6 12. a5 Nd7 13. Be3 Bc5 14. Bxc5
Nxc5 15. Be2 f5 16. exf5 Bxf5 17. O-O-O 1/2-1/2

[Event "Fortaleza Alves Memorial 19th"]
[Site "Fortaleza"]
[Date "2014.05.16"]
[Round "1"]
[White "Delgado Ramirez, Neuris"]
[Black "Camara, Jose Arruda"]
[Result "1-0"]
[WhiteElo "2589"]
[BlackElo "1912"]
[PlyCount "49"]
[EventDate "2014.05.16"]
[EventType "swiss"]
[EventRounds "6"]
[EventCountry "BRA"]
[SourceTitle "CBM 160 Extra"]
[Source "ChessBase"]
[SourceDate "2014.07.01"]
[SourceVersion "1"]
[SourceVersionDate "2014.07.01"]
[SourceQuality "1"]

1. e4 e6 2. d4 d5 3. Nd2 dxe4 4. Nxe4 Nd7 5. Nf3 Ngf6 6. Nxf6+ Nxf6 7. Ne5 a6
8. c3 c5 9. Be3 cxd4 10. Bxd4 Be7 11. Bd3 O-O 12. Qf3 Qd5 13. Qh3 h6 14. O-O
Bc5 15. Bxc5 Qxc5 16. Rae1 b5 17. b4 Qd5 18. Ng4 Qg5 19. Ne5 Nd5 20. Be4 Ra7
21. f4 Nxf4 22. Qe3 f5 23. Rxf4 fxe4 24. Rxf8+ Kxf8 25. Qc5+ 1-0